[Event "Paracin Open 2020"]
[Site "Paracin"]
[Date "2020.07.08"]
[Round "7.9"]
[White "Stanojevic, Ilija"]
[Black "Pastar, Slaven"]
[Result "1/2-1/2"]
[WhiteElo "2220"]
[BlackElo "2323"]
[Annotator "TA"]
[PlyCount "127"]
[EventDate "2020.07.03"]
[EventType "swiss"]
[EventCountry "SRB"]
[SourceTitle "playchess.com"]
[Source "ChessBase"]
[SourceQuality "1"]

{[%evp 25,127,0,0,0,0,0,0,0,0,0,30,26,22,35,22,0,47,39,23,11,107,99,110,104,322,145,495,450,375,445,426,424,298,207,181,200,352,333,317,148,432,522,483,435,322,207,406,186,344,0,120,127,118,111,111,111,115,105,102,109,175,172,332,0,0,0,0,0,0,0,0,0,0,0,0,0,0,0,0,0,0,0,0,0,0,0,0,0,0,0,0,0,0,0,0,0,0,0,0,0,0,0,0,0]} 1. c4 e6 2. Nc3 Nf6 3. e4 c5 4. e5 Ng8 5. Nf3 Nc6 6. d4 cxd4 7. Nxd4 Nxe5 8. Ndb5 a6 9. Nd6+ Bxd6 10. Qxd6 f6 11. Be3 Ne7 12. Bb6 Nf5 13. Qc5 d6 $1 {[%cal Rd6c5]} 14. Qa5 {A19: English Opening: Flohr-Mikenas System with 3...c5.} Qd7 15. f4 Nc6 16. Qa3 Nce7 17. O-O-O {[#]} h5 $146 ({Predecessor:} 17... Qc6 18. c5 d5 19. Bd3 Ne3 20. Rd2 O-O 21. Nb5 axb5 22. Qxa8 d4 23. Qb8 N7d5 {0-1 (43) Turov,M (2658)-Vaibhav,S (2494) Lille 2012}) 18. Bc5 Qc7 19. Bxd6 Nxd6 20. Rxd6 Kf7 21. Bd3 Bd7 22. Re1 Nc8 (22... Rad8 $11 {keeps the balance.}) 23. Rd4 $16 Bc6 24. c5 $36 {[%mdl 2048] White has strong initiative.} Bxg2 $2 {[#]} (24... Rd8 $16 25. Rxd8 Qxd8) 25. Bc4 (25. Qb3 $1 $18 {[%mdl 512] is more deadly.} Re8 26. Qc2) 25... Bh3 $2 {[%mdl 8192]} (25... Re8 $16 {is a better chance.}) 26. Nd5 {[%mdl 64] Discovered Attack} exd5 27. Qxh3 Ne7 28. Qe6+ Kf8 29. Bxd5 Nxd5 30. Qxd5 (30. Rxd5 Qxf4+ 31. Re3 Qg4 $16) 30... Rc8 $2 (30... Rh6 {was called for.} 31. Qe6 Qf7) 31. Kb1 $18 Rh6 32. b4 (32. Qf5 $18 {and the rest is easy. aiming for Rd7.} Qc6 33. Rd7) 32... a5 $2 {[%mdl 8192]} (32... b6 $16 33. Qe6 f5 34. Qxf5+ Rf6 35. Qxh5 bxc5) 33. Qe6 {[#] Hoping for Rd7.} f5 34. Qxf5+ Rf6 35. Qxh5 {And now Qh8+ would win.} Rxf4 $2 (35... Kg8 {was worth a try.} 36. Re8+ Rxe8 37. Qxe8+ Kh7 38. Qe4+ Kg8) 36. Qh8+ Kf7 37. Qh5+ $2 (37. Qh3 $18 Rxd4 38. Qe6+ Kf8 39. Rf1+ Rf4 40. Rxf4+ {[%mdl 64] Overworked Piece} Qxf4 41. Qxc8+ {[%mdl 64] Double Attack} Kf7 42. Qxb7+ Kf8 43. Qa8+ Ke7 44. Qb7+ (44. bxa5 Qb4+ 45. Kc1 Qxc5+ 46. Kd2 Qf2+ 47. Kd3 Qf1+ 48. Ke3 Qg1+ 49. Kf4 Qxh2+ 50. Kg5 Qe5+ 51. Kg6 Qf6+ 52. Kh7 Qf5+ 53. Kg8 Qf7+ {[%mdl 64] Double Attack} 54. Kh8 Qh5+ 55. Kxg7 Qg5+ 56. Kh8 Qh6+ 57. Kg8 Qg5+ 58. Kh7 Qh5+ 59. Kg8 Qg5+ 60. Kh8 Qh6+ 61. Kg8 Qg5+ $11) 44... Ke8 45. Qb5+ Kd8 46. Qxa5+ Ke7 47. Qa7+ Ke8 48. Qa8+ Ke7 49. Qb7+ Kf8 50. Kb2) 37... Kg8 (37... Kf8 $1 $11) 38. Re8+ $16 Rxe8 39. Qxe8+ Kh7 40. Rxf4 Qxf4 {[%mdl 4096] Endgame KQ-KQ} 41. Qh5+ ({Much worse is} 41. bxa5 $6 Qb4+ 42. Kc1 Qxc5+ 43. Kb2 Qb4+ 44. Kc2 Qc5+ 45. Kd3 Qd5+ 46. Ke3 Qg5+ 47. Ke4 Qg2+ 48. Kf5 Qh3+ 49. Kg5 Qg2+ 50. Kf5 Qh3+ 51. Kg5 Qg2+ 52. Kf5 $11) 41... Kg8 42. Qd5+ ({Of course not} 42. bxa5 $6 Qb4+ 43. Kc1 Qf4+ 44. Kb2 Qb4+ 45. Kc2 Qc4+ 46. Kd2 Qd4+ 47. Ke2 Qc4+ 48. Ke3 Qc3+ 49. Kf2 Qd4+ 50. Kf1 Qf4+ 51. Kg1 Qe3+ 52. Kh1 Qe1+ 53. Kg2 Qd2+ 54. Kh3 Qe3+ 55. Kh4 Qf4+ 56. Qg4 Qxh2+ 57. Qh3 Qf4+ 58. Qg4 Qh2+ 59. Qh3 Qf4+ 60. Kh5 Qf7+ 61. Kh4 Qc4+ 62. Kg3 Qc3+ 63. Kg4 Qd4+ 64. Kg3 Qe5+ 65. Kg4 Qe6+ 66. Kh4 Qe7+ 67. Kg4 Qe6+ 68. Kh4 Qc4+ 69. Kg3 Qxc5 $11) 42... Kh7 (42... Kf8 $16) 43. Qxb7 axb4 $2 (43... Qd4) 44. c6 $2 ({White should try} 44. Qg2 $18) 44... Qf1+ $11 {The position is equal.} 45. Kb2 {Threatens to win with Qd7.} Qc4 46. c7 Qc3+ 47. Kb1 Qd3+ 48. Kc1 Qc3+ 49. Kd1 Qd3+ 50. Ke1 Qe3+ 51. Kf1 Qf4+ 52. Ke2 Qxh2+ 53. Kd3 Qg3+ 54. Kc4 Qc3+ $1 55. Kb5 Qd3+ $1 56. Kb6 Qe3+ $1 57. Ka6 Qa3+ $1 58. Kb5 {Qe4+ would kill now.} Qd3+ 59. Kc5 Qc3+ 60. Kd6 Qf6+ 61. Kd7 Qf7+ 62. Kc6 Qf3+ 63. Kb6 Qe3+ 64. Kb5 {Black defended with fortune. Accuracy: White = 78%, Black = 63%.} 1/2-1/2

[Event "Paracin Open 2020"]
[Site "Paracin"]
[Date "2020.07.08"]
[Round "7.10"]
[White "Formento, Paolo"]
[Black "Durak, Can"]
[Result "1/2-1/2"]
[WhiteElo "2294"]
[BlackElo "1847"]
[Annotator "ChessBase"]
[PlyCount "66"]
[EventDate "2020.07.03"]
[EventType "swiss"]
[EventCountry "SRB"]
[SourceTitle "playchess.com"]
[Source "ChessBase"]
[SourceQuality "1"]
[TimeControl "5400+30"]

1. Nf3 {[%emt 0:02:14]} d5 {[%emt 0:00:20]} 2. b3 {[%emt 0:00:36]} Nf6 {[%emt 0:00:56]} 3. Bb2 {[%emt 0:00:05]} e6 {[%emt 0:01:17]} 4. e3 {[%emt 0:00:29]} Be7 {[%emt 0:01:32]} 5. d4 {[%emt 0:02:28]} O-O {[%emt 0:01:37]} 6. Bd3 {[%emt 0:00:29]} c5 {[%emt 0:00:41]} 7. O-O {[%emt 0:01:04]} b6 {[%emt 0:01:35]} 8. Ne5 {[%emt 0:00:49]} Bb7 {[%emt 0:01:15]} 9. Nd2 {[%emt 0:00:29]} Nc6 {[%emt 0:01:33]} 10. f4 {[%emt 0:00:53]} Rc8 {[%emt 0:01:57]} 11. a3 {[%emt 0:00:35]} a6 {[%emt 0:05:25]} 12. g4 {[%emt 0:22:48]} Nxe5 {[%emt 0:06:13]} 13. dxe5 {[%emt 0:01:34]} Ne8 {[%emt 0:03:15]} 14. Be2 {[%emt 0:20:18]} d4 {[%emt 0:21:05]} 15. exd4 {[%emt 0:02:29]} cxd4 {[%emt 0:00:12]} 16. Bf3 {[%emt 0:00:49]} d3 {[%emt 0:08:10]} 17. cxd3 {[%emt 0:06:08]} Bxf3 {[%emt 0:07:08]} 18. Rxf3 {[%emt 0:04:01]} f6 {[%emt 0:01:25]} 19. Ne4 {[%emt 0:02:57]} fxe5 {[%emt 0:00:32]} 20. Bxe5 {[%emt 0:00:16]} Nf6 {[%emt 0:01:20]} 21. Bxf6 {[%emt 0:12:02]} Bxf6 {[%emt 0:00:49]} 22. Ra2 {[%emt 0:01:10]} Bd4+ {[%emt 0:01:22]} 23. Kg2 {[%emt 0:00:30]} Qd5 {[%emt 0:00:24]} 24. Re2 {[%emt 0:02:03]} Rc6 {[%emt 0:02:11]} 25. Qd2 {[%emt 0:04:57]} Qxb3 {[%emt 0:05:42]} 26. Qb4 {[%emt 0:01:36]} Qxb4 {[%emt 0:00:30]} 27. axb4 {[%emt 0:00:30]} h6 {[%emt 0:00:29]} 28. Ra2 {[%emt 0:02:03]} b5 {[%emt 0:01:36]} 29. f5 {[%emt 0:02:19]} exf5 {[%emt 0:00:17]} 30. Rxf5 {[%emt 0:01:29]} Rd8 {[%emt 0:01:14]} 31. h4 {[%emt 0:00:56]} g6 {[%emt 0:02:52]} 32. Rf3 {[%emt 0:00:23]} Rdc8 {[%emt 0:01:04]} 33. Nc5 {[%emt 0:01:32]} Bxc5 {[%emt 0:01:02]} 1/2-1/2

[Event "Paracin Open 2020"]
[Site "Paracin"]
[Date "2020.07.08"]
[Round "7.11"]
[White "Van Dael, Siem"]
[Black "Kisic, Jovan"]
[Result "1/2-1/2"]
[WhiteElo "2293"]
[BlackElo "1860"]
[Annotator "ChessBase"]
[PlyCount "109"]
[EventDate "2020.07.03"]
[EventType "swiss"]
[EventCountry "SRB"]
[SourceTitle "playchess.com"]
[Source "ChessBase"]
[SourceQuality "1"]
[TimeControl "5400+30"]

1. e4 {[%emt 0:00:39]} Nf6 {[%emt 0:00:00]} 2. Nc3 {[%emt 0:00:56]} d5 {[%emt 0:00:09]} 3. exd5 {[%emt 0:00:38]} Nxd5 {[%emt 0:01:57]} 4. Bc4 {[%emt 0:02:06]} Nxc3 {[%emt 0:02:08]} 5. bxc3 {[%emt 0:00:14]} e6 {[%emt 0:00:27]} 6. Nf3 {[%emt 0:00:08]} Be7 {[%emt 0:00:33]} 7. d4 {[%emt 0:00:40]} O-O {[%emt 0:01:11]} 8. O-O {[%emt 0:01:13]} b6 {[%emt 0:01:36]} 9. Qe2 {[%emt 0:00:17]} Bb7 {[%emt 0:01:33]} 10. Bd3 {[%emt 0:00:15]} Qd5 {[%emt 0:01:54]} 11. c4 {[%emt 0:00:43]} Qh5 {[%emt 0:01:16]} 12. Be4 {[%emt 0:00:07]} Bxe4 {[%emt 0:02:20]} 13. Qxe4 {[%emt 0:00:07]} Na6 {[%emt 0:01:06]} 14. Bf4 {[%emt 0:02:13]} Qf5 {[%emt 0:03:21]} 15. Qxf5 {[%emt 0:06:02]} exf5 {[%emt 0:00:04]} 16. Rfe1 {[%emt 0:00:08]} Bb4 {[%emt 0:02:29]} 17. Re5 {[%emt 0:05:52]} g6 {[%emt 0:00:58]} 18. Bh6 {[%emt 0:00:36]} Rfe8 {[%emt 0:00:33]} 19. Rd1 {[%emt 0:06:19]} f6 {[%emt 0:01:33]} 20. Re3 {[%emt 0:01:14]} Kf7 {[%emt 0:02:51]} 21. h4 {[%emt 0:01:58]} Re4 {[%emt 0:03:43]} 22. Rxe4 {[%emt 0:05:42]} fxe4 {[%emt 0:00:06]} 23. Nd2 {[%emt 0:00:05]} Re8 {[%emt 0:02:41]} 24. Nf1 {[%emt 0:03:17]} Bd6 {[%emt 0:15:31]} 25. Bd2 {[%emt 0:09:07]} Nb8 {[%emt 0:01:48]} 26. c3 {[%emt 0:03:44]} Nd7 {[%emt 0:00:57]} 27. Ne3 {[%emt 0:01:01]} c6 {[%emt 0:05:26]} 28. Bc1 {[%emt 0:01:39]} Bb8 {[%emt 0:03:17]} 29. Nc2 {[%emt 0:06:57]} a5 {[%emt 0:01:11]} 30. a4 {[%emt 0:02:17]} f5 {[%emt 0:01:50]} 31. Ba3 {[%emt 0:04:13]} Rd8 {[%emt 0:01:37]} 32. Rb1 {[%emt 0:01:03]} f4 {[%emt 0:01:36]} 33. Re1 {[%emt 0:02:36]} Re8 {[%emt 0:01:21]} 34. Na1 {[%emt 0:02:46]} h6 {[%emt 0:02:08]} 35. Nb3 {[%emt 0:03:38]} g5 {[%emt 0:00:37]} 36. hxg5 {[%emt 0:04:35]} hxg5 {[%emt 0:00:06]} 37. c5 {[%emt 0:00:04]} Bc7 {[%emt 0:00:31]} 38. cxb6 {[%emt 0:00:40]} Nxb6 {[%emt 0:00:50]} 39. Nxa5 {[%emt 0:11:20]} Nxa4 {[%emt 0:00:14]} 40. Nxc6 {[%emt 0:00:06]} Nxc3 {[%emt 0:00:05]} 41. Bb2 {[%emt 0:00:08]} Nd5 {[%emt 0:00:27]} 42. Ne5+ {[%emt 0:01:11]} Bxe5 {[%emt 0:00:59]} 43. dxe5 {[%emt 0:00:07]} e3 {[%emt 0:00:15]} 44. fxe3 {[%emt 0:00:35]} Nxe3 {[%emt 0:00:19]} 45. g3 {[%emt 0:01:40]} Nc4 {[%emt 0:00:38]} 46. Bc3 {[%emt 0:00:13]} fxg3 {[%emt 0:01:27]} 47. Kg2 {[%emt 0:00:28]} Ke6 {[%emt 0:00:18]} 48. Kxg3 {[%emt 0:00:37]} Kd5 {[%emt 0:00:17]} 49. Rd1+ {[%emt 0:00:21]} Ke6 {[%emt 0:00:06]} 50. Ra1 {[%emt 0:00:24]} Kf5 {[%emt 0:01:07]} 51. Rf1+ {[%emt 0:01:18]} Ke4 {[%emt 0:00:31]} 52. Re1+ {[%emt 0:01:01]} Kf5 {[%emt 0:00:04]} 53. e6 {[%emt 0:01:39]} Rxe6 {[%emt 0:00:25]} 54. Rxe6 {[%emt 0:00:06]} Kxe6 {[%emt 0:00:02]} 55. Kg4 {[%emt 0:00:05]} 1/2-1/2

[Event "Paracin Open 2020"]
[Site "Paracin"]
[Date "2020.07.08"]
[Round "7.12"]
[White "Tirelli, Mauro"]
[Black "Ivanovic, Marko"]
[Result "0-1"]
[WhiteElo "2187"]
[BlackElo "2267"]
[Annotator "ChessBase"]
[PlyCount "48"]
[EventDate "2020.07.03"]
[EventType "swiss"]
[EventCountry "SRB"]
[SourceTitle "playchess.com"]
[Source "ChessBase"]
[SourceQuality "1"]
[TimeControl "5400+30"]

1. Nf3 {[%emt 0:00:00]} Nf6 {[%emt 0:00:32]} 2. g3 {[%emt 0:00:33]} c5 {[%emt 0:00:20]} 3. Bg2 {[%emt 0:00:35]} Nc6 {[%emt 0:00:06]} 4. O-O {[%emt 0:00:44]} g6 {[%emt 0:00:05]} 5. c4 {[%emt 0:01:40]} d6 {[%emt 0:00:26]} 6. Nc3 {[%emt 0:00:48]} Bg7 {[%emt 0:00:06]} 7. a3 {[%emt 0:05:49]} Be6 {[%emt 0:08:44]} 8. d3 {[%emt 0:01:38]} Qc8 {[%emt 0:00:05]} 9. Re1 {[%emt 0:04:41]} Bh3 {[%emt 0:00:23]} 10. Bh1 {[%emt 0:00:11]} h5 {[%emt 0:00:16]} 11. Bg5 {[%emt 0:06:01]} Ng4 {[%emt 0:04:57]} 12. Rb1 {[%emt 0:11:57]} h4 {[%emt 0:21:59]} 13. Nd5 {[%emt 0:05:35]} hxg3 {[%emt 0:06:06]} 14. hxg3 {[%emt 0:03:18]} Nge5 {[%emt 0:03:46]} 15. b4 {[%emt 0:12:31]} Qf5 {[%emt 0:04:14]} 16. Qd2 {[%emt 0:17:18]} f6 {[%emt 0:19:04]} 17. Nxe5 {[%emt 0:11:58]} Nxe5 {[%emt 0:02:11]} 18. Be4 {[%emt 0:01:40]} Qg4 {[%emt 0:07:18]} 19. bxc5 {[%emt 0:03:19]} fxg5 {[%emt 0:01:13]} 20. Rxb7 {[%emt 0:00:59]} Qh5 {[%emt 0:00:46]} 21. Rxe7+ {[%emt 0:04:32]} Kf8 {[%emt 0:00:05]} 22. Rb1 {[%emt 0:03:29]} Bf5 {[%emt 0:00:34]} 23. Bg2 {[%emt 0:01:26]} Qh2+ {[%emt 0:00:09]} 24. Kf1 {[%emt 0:00:02]} Bh3 {[%emt 0:00:19]} 0-1

[Event "Paracin Open 2020"]
[Site "Paracin"]
[Date "2020.07.08"]
[Round "7.13"]
[White "Stankovic, Boris"]
[Black "Mitev, Valentin"]
[Result "0-1"]
[WhiteElo "2119"]
[BlackElo "2240"]
[Annotator "ChessBase"]
[PlyCount "78"]
[EventDate "2020.07.03"]
[EventType "swiss"]
[EventCountry "SRB"]
[SourceTitle "playchess.com"]
[Source "ChessBase"]
[SourceQuality "1"]
[TimeControl "5400+30"]

1. e4 {[%emt 0:00:00]} c5 {[%emt 0:00:00]} 2. Nf3 {[%emt 0:00:00]} d6 {[%emt 0:00:22]} 3. c3 {[%emt 0:00:12]} Nf6 {[%emt 0:00:09]} 4. Be2 {[%emt 0:00:08]} g6 {[%emt 0:00:29]} 5. O-O {[%emt 0:00:23]} Bg7 {[%emt 0:00:04]} 6. Re1 {[%emt 0:00:26]} O-O {[%emt 0:00:07]} 7. Bf1 {[%emt 0:00:29]} Nc6 {[%emt 0:00:02]} 8. h3 {[%emt 0:02:22]} e5 {[%emt 0:00:08]} 9. d3 {[%emt 0:00:26]} d5 {[%emt 0:00:35]} 10. Nbd2 {[%emt 0:00:33]} h6 {[%emt 0:03:39]} 11. g3 {[%emt 0:11:56]} Be6 {[%emt 0:01:11]} 12. Bg2 {[%emt 0:06:07]} Qd7 {[%emt 0:00:27]} 13. Kh2 {[%emt 0:00:16]} Rad8 {[%emt 0:00:59]} 14. Qc2 {[%emt 0:05:43]} Rfe8 {[%emt 0:00:24]} 15. a3 {[%emt 0:01:15]} a5 {[%emt 0:03:05]} 16. exd5 {[%emt 0:29:53]} Nxd5 {[%emt 0:03:51]} 17. Nc4 {[%emt 0:00:29]} Qc7 {[%emt 0:01:13]} 18. Be3 {[%emt 0:12:21]} b5 {[%emt 0:04:54]} 19. Ncd2 {[%emt 0:00:35]} Qb6 {[%emt 0:09:15]} 20. Ne4 {[%emt 0:07:56]} Nxe3 {[%emt 0:00:12]} 21. fxe3 {[%emt 0:00:06]} f5 {[%emt 0:00:09]} 22. Nf2 {[%emt 0:00:37]} a4 {[%emt 0:00:50]} 23. Nd2 {[%emt 0:04:30]} Na5 {[%emt 0:01:12]} 24. c4 {[%emt 0:01:05]} bxc4 {[%emt 0:00:53]} 25. Qxa4 {[%emt 0:05:22]} e4 {[%emt 0:02:58]} 26. dxe4 {[%emt 0:02:09]} Bxb2 {[%emt 0:00:15]} 27. exf5 {[%emt 0:00:21]} Bxa1 {[%emt 0:05:46]} 28. fxe6 {[%emt 0:00:06]} Be5 {[%emt 0:31:32]} 29. Nxc4 {[%emt 0:03:01]} Nxc4 {[%emt 0:11:13]} 30. Qxc4 {[%emt 0:00:02]} Qxe6 {[%emt 0:00:03]} 31. Qxc5 {[%emt 0:00:58]} Bd6 {[%emt 0:00:05]} 32. Qc3 {[%emt 0:00:39]} Bxg3+ {[%emt 0:03:13]} 33. Kg1 {[%emt 0:00:21]} h5 {[%emt 0:06:03]} 34. a4 {[%emt 0:01:23]} Qa2 {[%emt 0:03:40]} 35. Rf1 {[%emt 0:02:00]} Rf8 {[%emt 0:00:12]} 36. Qc6 {[%emt 0:01:16]} Rd6 {[%emt 0:01:07]} 37. Qb5 {[%emt 0:01:40]} Rxf2 {[%emt 0:02:03]} 38. Qe8+ Kg7 39. Qe7+ {[%emt 0:01:12]} Qf7 {[%emt 0:00:04]} 0-1

[Event "Paracin Open 2020"]
[Site "Paracin"]
[Date "2020.07.08"]
[Round "7.14"]
[White "Kuzmanovic, Slobodan"]
[Black "Radovanovic, Nikola"]
[Result "0-1"]
[WhiteElo "2164"]
[BlackElo "2389"]
[Annotator "TA"]
[PlyCount "116"]
[EventDate "2020.07.03"]
[EventType "swiss"]
[EventCountry "SRB"]
[SourceTitle "playchess.com"]
[Source "ChessBase"]
[SourceQuality "1"]

{[%evp 19,116,21,33,25,23,22,44,31,27,0,0,-14,-16,-21,-28,-33,72,-73,-60,-60,-64,-64,-75,-195,-192,-233,-241,-237,-235,-242,-242,-242,-242,-239,-241,-241,-237,-323,-323,-308,-263,-258,-259,-323,-323,-323,-323,-323,-323,-323,-323,-323,-323,-323,-323,-323,-323,-323,-323,-323,-323,-323,-270,-247,0,-323,-331,-318,-305,-323,-320,-320,-320,-601,-580,-550,-503,-565,-558,-1002,-1019,-984,-936,-888,-858,-777,-703,-12837,-12837,-12838,-12839,-12837,-12837,-12839,-12836,-12835,-5942,-2429,-2159]} 1. Nf3 Nf6 2. c4 g6 3. b3 Bg7 4. Bb2 d6 5. g3 O-O 6. Bg2 c5 7. Nc3 Nc6 8. d4 cxd4 9. Nxd4 Bd7 10. O-O Qa5 11. e4 {E60: King's Indian: Unusual lines and Fianchetto Variation without Nc3.} Nxd4 {was the old line (11...Qh5).} 12. Qxd4 Bc6 {And now ...Nxe4 would win.} 13. Qd3 {White is slightly better.} Nd7 14. Qd2 a6 15. Rad1 Rfe8 16. Rfe1 b5 {[#]} 17. Nd5 $146 ({Predecessor:} 17. Bf1 Ne5 18. Re3 bxc4 19. bxc4 Rab8 20. Ba1 Bh6 21. f4 Ng4 22. Ree1 Qc5+ 23. Qd4 Qxd4+ 24. Rxd4 {½-½ (51) Brokalakis Gounaris,C (2038)-Gavriilidis,O (1981) Thessaloniki 2019}) 17... Qxa2 (17... Qxd2 $15 {stays ahead.} 18. Rxd2 Bxb2 19. Rxb2 Bxd5 20. cxd5 Rec8) 18. cxb5 {[#]} (18. e5 $1 $16 {and life is bright. Black must now prevent Nb4.} Nxe5 19. Nb4 Qxb3 20. Bxe5 Bxg2 21. Bxg7) 18... Bxd5 $1 $17 (18... Bxb5 19. Bxg7 Qxd2 20. Rxd2 $16) 19. Bxg7 Qxd2 20. Rxd2 Bxb3 21. e5 (21. Bb2 $17 {keeps fighting.}) 21... Kxg7 $19 22. Bxa8 Rxa8 23. exd6 e5 ({Weaker is} 23... axb5 24. dxe7 Be6 {[#]} 25. Rxe6 $1 $11 {[%mdl 512]}) 24. Rb2 Bd5 25. Ra1 axb5 {[%mdl 64] Discovered Attack} 26. Rxa8 Bxa8 27. Rxb5 Kf6 28. h4 h5 29. Ra5 Bf3 30. Ra3 Bd5 31. Ra6 Ke6 32. Kh2 Bb7 33. Ra7 Bc6 34. Rc7 Kxd6 35. Rc8 Nf6 36. Kg1 Bf3 37. Rc3 Bd5 38. Ra3 Ke6 39. Ra5 Kf5 40. Ra6 Bf3 41. Ra7 Bd5 42. Ra6 $1 Ne4 43. Ra5 Nc3 44. Kf1 {With the idea Rc5.} Bc4+ 45. Ke1 {Black should prevent Rc5.} Nb5 46. Kd2 $2 (46. Ra4 Bb3 47. Ra5) 46... Ke4 {Black is clearly winning.} 47. Ra4 Nd6 48. Ra3 f5 49. Re3+ Kd4 50. Ra3 f4 51. Ke1 Nf5 52. gxf4 exf4 53. f3 Nxh4 54. Kf2 Bd5 55. Ra4+ Ke5 56. Ra7 Nxf3 57. Rh7 Nd4 58. Re7+ Ne6 {Accuracy: White = 63%, Black = 92%.} 0-1

[Event "Paracin Open 2020"]
[Site "Paracin"]
[Date "2020.07.08"]
[Round "7.15"]
[White "Kostadinovic, Uros"]
[Black "Radeva, Viktoria"]
[Result "0-1"]
[WhiteElo "1859"]
[BlackElo "2327"]
[Annotator "TA"]
[PlyCount "58"]
[EventDate "2020.07.03"]
[EventType "swiss"]
[EventCountry "SRB"]
[SourceTitle "playchess.com"]
[Source "ChessBase"]
[SourceQuality "1"]

{[%evp 11,58,-8,-10,-12,-10,-32,-17,-21,-20,-33,-29,-36,-8,-28,0,0,0,0,-7,0,-22,-23,-19,-29,0,-17,0,0,7,0,0,-263,-260,-251,-247,-277,-265,-447,-440,-822,-740,-805,-741,-705,-572,-680,-656,-762,-743]} 1. e4 c5 2. Nc3 e6 3. f4 d5 4. exd5 exd5 5. Bb5+ Nc6 6. Nf3 Nf6 7. Bxc6+ {B23: Closed Sicilian: Lines without g3.} bxc6 8. Ne5 Qc7 9. O-O {The position is equal.} Bd6 10. d3 O-O 11. Qf3 Be6 {[#]} 12. h3 $146 ({Predecessor:} 12. Re1 Rfe8 13. Bd2 d4 14. Ne4 Nxe4 15. Qxe4 Bd5 16. Qf5 g6 17. Qg5 f6 18. Qg4 fxe5 {0-1 (19) Machaj,B (2107)-Meczynski,W (2169) Polanica Zdroj 2000}) 12... Bxe5 13. fxe5 Qxe5 14. Bf4 Qd4+ 15. Be3 Qb4 $36 {[%mdl 2048] White must now prevent ...d4. White is under pressure.} 16. Ne2 Nd7 17. b3 Qh4 18. Bf2 Qg5 19. Be3 Qe7 20. Rae1 Rfe8 21. g4 $2 {[%mdl 8192] [#]} (21. Qg3 $11) 21... Bxg4 $1 $19 {[%mdl 576] Discovered Attack} 22. Qxg4 {Hoping for Ng3.} Qxe3+ 23. Kh1 Ne5 24. Qf5 $2 (24. Qg3 Ng6 25. Qxe3 Rxe3 26. Ng1) 24... g6 {Black is clearly winning.} 25. Qf6 (25. Qf4 $142 Qxh3+ 26. Qh2 Qxh2+ 27. Kxh2) 25... Qxh3+ 26. Kg1 Re6 27. Qf2 Qg4+ 28. Kh1 g5 {( -> ...Nf3!)} 29. Ng3 {[#] White wants to play Rxe5!} Nf3 $1 {[%mdl 512] Accuracy: White = 58%, Black = 89%.} 0-1

[Event "Paracin Open 2020"]
[Site "Paracin"]
[Date "2020.07.08"]
[Round "7.16"]
[White "Pasti, Aron"]
[Black "Nikolic, Zoran S"]
[Result "1-0"]
[WhiteElo "2338"]
[BlackElo "2167"]
[Annotator "TA"]
[PlyCount "103"]
[EventDate "2020.07.03"]
[EventType "swiss"]
[EventCountry "SRB"]
[SourceTitle "playchess.com"]
[Source "ChessBase"]
[SourceQuality "1"]

{[%evp 28,103,76,72,73,73,79,49,57,50,58,45,46,45,59,32,47,20,17,3,26,17,64,16,37,-2,29,0,-4,-7,0,0,0,-21,0,-2,0,-215,-183,-265,-246,-266,-243,-376,-371,-273,-75,-76,-77,-77,-2,-12,-7,-6,0,8,8,8,8,8,205,0,72,59,42,8,8,8,8,8,8,8,8,-687,-613,-755,29992,29993]} 1. e4 e5 2. Nf3 Nc6 3. Bb5 a6 4. Ba4 Nf6 5. O-O Be7 6. Re1 b5 7. Bb3 d6 8. c3 O-O 9. h3 Na5 10. Bc2 c5 11. d4 Nc6 12. Nbd2 {[%cal Bb1d2,Bd2f1,Bf1g3][%mdl 32]} Qc7 13. d5 Nd8 14. Nf1 Ne8 15. Ng3 g6 {C98: Closed Ruy Lopez: Chigorin Defence: 11 d4 Qc7 12 Nbd2 Nc6.} 16. Nh2 f6 17. f4 exf4 {White is slightly better.} 18. Bxf4 Nf7 19. a4 Rb8 20. axb5 axb5 21. Qe2 {[#]} Ne5 $146 ({Predecessor:} 21... Ng7 22. Ra2 Bd7 23. Rea1 Rfc8 24. Nf3 Qd8 25. b3 Ne8 26. Be3 Ra8 27. Bd3 Nc7 28. Qb2 {½-½ (28) Lukin,A (2417)-Dabo Peranic,R (2262) Zadar 2005}) 22. h4 Ng7 23. h5 Rd8 24. Rf1 Qd7 25. Bxe5 fxe5 26. Qe3 {Hoping for hxg6.} Bh4 27. Bd1 {Strongly threatening Ng4.} Qe7 $1 28. Bg4 Bg5 29. Qf3 Bf4 {...Qh4 is the strong threat.} 30. Bxc8 Rbxc8 31. hxg6 $1 Qh4 $36 {[%mdl 2048] Black has good play.} 32. Ra7 $2 (32. Ng4 $11) 32... Rf8 $19 ({Worse is} 32... Qxg3 33. Qxg3 Bxg3 34. Ng4 $11) 33. Qg4 (33. Ng4 $142 hxg6 34. Ne2 Bh2+ {[%mdl 64] Discovered Attack} 35. Nxh2 Rxf3 36. gxf3) 33... Qxg3 34. gxh7+ Kh8 35. Rxf4 (35. Qxg3 {was the only chance.} Bxg3 36. Ng4) 35... exf4 36. Rxg7 {[#]} Qxg4 $2 ({Less strong is} 36... Qe3+ 37. Kf1 $15) (36... Ra8 $1 $19 {[%mdl 512] has better winning chances.} 37. Nf1 Qxg4 38. Rxg4 Ra2) 37. Rxg4 {[%mdl 4096] Endgame KRR-KRN} Rce8 38. Rg6 Rd8 ({Black should try} 38... Rxe4 $17 39. Nf3 Re2 40. Rxd6 Rxb2) 39. Rh6 $11 Kg7 40. Rh4 Kh8 41. Nf3 Rde8 42. Ng5 {Threatens to win with Rh6.} Rf6 43. Kf2 Re5 $2 {[#]} (43... Ra8 $11) 44. Rh5 $2 (44. Rg4 $1 $18) 44... Re7 (44... b4 $11 {keeps the balance.}) 45. Kf3 $16 b4 46. cxb4 cxb4 47. Rh4 Ra7 48. Rxf4 Rxf4+ 49. Kxf4 Ra2 $1 50. Kf5 $2 {[%mdl 8192]} (50. e5 $11 dxe5+ 51. Ke3 Rxb2 52. d6) 50... Rxb2 $19 51. e5 {White threatens Kg6 and mate.} dxe5 $4 {[%mdl 8192] [#]} (51... Rf2+ $19 52. Ke6 b3 53. exd6 b2) 52. Kg6 $1 {Accuracy: White = 56%, Black = 71%.} 1-0

[Event "Paracin Open 2020"]
[Site "Paracin"]
[Date "2020.07.09"]
[Round "8.1"]
[White "Ernst, Sipke"]
[Black "Basso, Pier Luigi"]
[Result "1/2-1/2"]
[WhiteElo "2540"]
[BlackElo "2596"]
[Annotator "TA"]
[PlyCount "57"]
[EventDate "2020.07.03"]
[EventType "swiss"]
[EventCountry "SRB"]
[SourceTitle "playchess.com"]
[Source "ChessBase"]
[SourceQuality "1"]

{[%evp 29,40,0,6,0,0,0,0,0,0,0,0,0,0]} 1. d4 d5 2. c4 c6 3. cxd5 cxd5 4. Nf3 Nf6 5. Nc3 Nc6 6. Bf4 Bf5 7. e3 e6 8. Bd3 Bxd3 9. Qxd3 Bd6 10. Bxd6 Qxd6 11. O-O O-O 12. Rfc1 Rfc8 13. a3 a6 14. Rc2 Rc7 15. Rac1 Rac8 {The position is equal.} 16. Ne2 {D14: Slav Defence: Exchange variation with ...Bf5.} Ne7 17. Rxc7 Rxc7 18. Rxc7 Qxc7 19. Qc3 Qxc3 20. Nxc3 Nc6 {[#] An uneventful encounter.} {Predecessor:} 21. Kf1 $146 Kf8 22. Ke2 Ke7 23. Nd2 Nd7 24. Kd3 f5 25. h4 h6 26. f3 g5 27. hxg5 hxg5 28. g4 fxg4 29. fxg4 {½-½ (40) Petkov,V (2566)-Georgiev,K (2657) Bankia 2013} 1/2-1/2